Central Library OPAC University of Rajshahi

Religionsgeschichte des Orients in der Zeit der Weltreligionen / (Record no. 42954)

MARC details
000 -LEADER
fixed length control field 00988nam a2200265 a 4500
001 - CONTROL NUMBER
control field 42954
003 - CONTROL NUMBER IDENTIFIER
rucl marc code BD-RjUL
005 - DATE AND TIME OF LATEST TRANSACTION
control field 20211209053624.0
008 - FIXED-LENGTH DATA ELEMENTS--GENERAL INFORMATION
fixed length control field 160618s1961 gw a 001 0 ger d
035 ## - SYSTEM CONTROL NUMBER
System control number (BD-RjUL)43072
040 ## - CATALOGING SOURCE
Original cataloging agency NU
Language of cataloging eng
Transcribing agency NU
Modifying agency NU
-- ANL
-- BD-RjUL
041 ## - LANGUAGE CODE
Language code of text/sound track or separate title eng
082 ## - DEWEY DECIMAL CLASSIFICATION NUMBER
Edition number 23
Classification number 290
Author mark and year LER 1961
100 ## - MAIN ENTRY--PERSONAL NAME
Personal name Leipoldt, Johannes
9 (RLIN) 131910
245 00 - TITLE STATEMENT
Title Religionsgeschichte des Orients in der Zeit der Weltreligionen /
Statement of responsibility, etc. Johannes Leipoldt
260 ## - PUBLICATION, DISTRIBUTION, ETC. (IMPRINT)
Place of publication, distribution, etc. Leiden :
Name of publisher, distributor, etc. Brill,
Date of publication, distribution, etc. 1961,
300 ## - PHYSICAL DESCRIPTION
Pagination xii, 554 p. :
Illustrations ill ;
Size 24 cm.
490 1# - SERIES STATEMENT
Series statement Handbuch der Orientalistik / herausgegeben von B. Spuler. Erste Abteilung, Der Nahe und der Mittlere Osten ;
Volume/sequential designation 8. Bd. (Religion), 2. Abschnitt
650 #0 - SUBJECT ADDED ENTRY--TOPICAL TERM
Topical term or geographic name as entry element Religions
General subdivision History.
9 (RLIN) 125145
651 #0 - SUBJECT ADDED ENTRY--GEOGRAPHIC NAME
Geographic name Middle East
General subdivision Religion.
9 (RLIN) 131911
Geographic name Asia
General subdivision Religion.
9 (RLIN) 126624
700 1# - ADDED ENTRY--PERSONAL NAME
Personal name Leipoldt, Johannes,
Dates associated with a name 1880-1965.
830 #0 - SERIES ADDED ENTRY--UNIFORM TITLE
Uniform title Handbuch der Orientalistik.
Volume number/sequential designation 8. Bd. (Religion), 2. Abschnitt
942 ## - ADDED ENTRY ELEMENTS (KOHA)
Source of classification or shelving scheme Dewey Decimal Classification
Koha item type Books
Holdings
Lost status Source of classification or shelving scheme Damaged status Not for loan Collection code Permanent Location Current Location Shelving location Date acquired Source of acquisition Cost, normal purchase price Total Checkouts Full call number Date last seen Copy number Koha item type
  Dewey Decimal Classification     Non-fiction Central Library, University of Rajshahi Central Library, University of Rajshahi   18/07/1964 Zeithinger 110.00   290 LER 1961 18/06/2016 C-2 Books